| 000 | 00567nac a22001571u 4500 | ||
|---|---|---|---|
| 008 | 080917s2010 ua|||||r|||| 000 0 ara d | ||
| 020 | _a9789770926380 | ||
| 082 |
_a329.962 _bSHE _222 |
||
| 100 |
_aالشلق، احمد زكريا _9499 |
||
| 245 |
_aالأحرار الدستوريون 1922-1953 / _cاحمد زكريا الشلق |
||
| 260 |
_aالقاهرة : _bدار الشروق، 2010 _c2010 |
||
| 300 |
_a509 ص; _c24 سم |
||
| 504 | _aببليوجرافي من: 483-509 | ||
| 651 |
_911371 _aمصر. حزب الأحرار |
||
| 942 |
_cBB _k329.962 ش ل ق _2ddc |
||
| 999 |
_c13384 _d13384 |
||